000 00630nam a22001937a 4500
999 _c164288
_d164288
005 20190515150431.0
010 _aUR-10124
020 _c200.00
_a9789387829763
035 _aU-8679
037 _bDBAD/PUB
082 _aک
100 _aڈ ا کٹر سہيل
245 _aغبا ر ے ر ا ہ(ا فسا نے)
_cڈ ا کٹر سہيل
246 _b‏Ghubar-e-Raah(Urdu)
_aby Dr. Sohail
260 _a Delhi
_bEducational Publishing House
_c2018 ء
270 _a3191،Vakil Street,Kucha Pandit,Lal Kuan,
_bDelhi
_e110006
_k23216162
_l00911123211540
300 _a184ص
_c22 Cm.(bk)
942 _2ddc
_cUR
_hک
_mس ہ ي